Patentová knižnica VSŽ stredoeurópskou raritou

Podrobná bibliografia
Hlavný autor: (tino) (Autor)
Korporatívny autor: Východoslovenské železiarne (Košice, Slovensko) (Autor)
Médium: Článok
Jazyk:slovenčina
Predmet:

MARC

LEADER 00000nab a2200000 a 4500
001 vtls000925226
003 SK-MaSNL
005 20260303033625.0
008 040720e19960911xo 0 slo
035 |a KE34103 
040 |a KEVKJB  |b slo  |c KEVKJB  |e AACR2 
041 0 |a slo 
044 |a xo  |c SK 
080 |a 902  |2 1981 
080 |a 608.3  |2 1981 
080 |a 669.1  |2 1981 
100 0 |a (tino)  |4 aut  |9 998849 
245 1 0 |a Patentová knižnica VSŽ stredoeurópskou raritou 
610 2 7 |a Východoslovenské železiarne (Košice, Slovensko)  |2 KEVKJB 
650 0 7 |a špeciálne knižnice   |2 KEVKJB  |9 66316 
650 0 7 |a patenty  |2 KEVKJB  |9 2253 
650 0 7 |a otvorenia slávnostné  |2 KEVKJB  |9 882053 
650 0 7 |a správy  |2 KEVKJB  |9 276219 
651 7 |a Košice (Slovensko)  |2 KEVKJB  |9 18694 
651 7 |a KE,  |2 KEVKJB  |9 877256 
655 7 |a periodikum  |2 snkbucl  |9 29553 
710 2 |a Východoslovenské železiarne (Košice, Slovensko)  |4 aut 
773 0 8 |t Roľnícke noviny, č.212, 11.9.1996, s. 1 
852 |a ZVYKNI  |b KIS3GCP 
999 |c 1670843  |d 1672773